A glance at clean freight strategies : Idle reduction.

Bibliographic Details
Corporate Author: SmartWay Transport Partnership Program (U.S.) (Author)
Format: Government Document eBook
Language:English
Published: [Washington, D.C.] : U.S. Environmental Protection Agency, Office of Transportation and Air Quality, 2004.
Subjects:
Online Access:https://purl.fdlp.gov/GPO/gpo45418

MARC

Tag First Indicator Second Indicator Subfields
LEADER 00000cam a2200000 i 4500
001 in00003427113
005 20211120171700.0
006 m o d f
007 cr mn||||a||||
008 140124s2004 dcu o f000 0 eng c
035 |a (OCoLC)ocn869012770 
040 |a GPO  |b eng  |e rda  |e pn  |c GPO  |d GPO  |d MvI  |d UtOrBLW 
042 |a pcc 
043 |a n-us--- 
049 |a WWW 
074 |a 0484-E (online) 
086 0 |a EP 6.52:ID 4/2004 
088 |a EPA420-F-04-009 
110 2 |a SmartWay Transport Partnership Program (U.S.),  |e author. 
245 1 2 |a A glance at clean freight strategies :  |b Idle reduction. 
246 3 0 |a Idle reduction 
264 1 |a [Washington, D.C.] :  |b U.S. Environmental Protection Agency, Office of Transportation and Air Quality,  |c 2004. 
300 |a 1 online resource (1 page) 
336 |a text  |b txt  |2 rdacontent 
337 |a computer  |b c  |2 rdamedia 
338 |a online resource  |b cr  |2 rdacarrier 
500 |a Title from title screen (viewed on Jan. 24, 2014). 
500 |a "February 2004." 
500 |a "EPA420-F-04-009." 
650 0 |a Truck driving  |x Energy consumption  |z United States. 
650 0 |a Truck driving  |z United States  |x Costs. 
650 0 |a Truck driving  |x Environmental aspects  |z United States. 
710 1 |a United States.  |b Environmental Protection Agency.  |b Office of Transportation and Air Quality,  |e issuing body. 
856 4 0 |u https://purl.fdlp.gov/GPO/gpo45418  |t 0 
999 |a MARS 
999 f f |s e36a8df2-837d-32da-98a8-661710df7fa5  |i 5604def0-50c3-3c60-8b63-7595235aa37b  |t 0 
952 f f |a Texas A&M University  |b College Station  |c Electronic Resources  |d Available Online  |t 0  |e EP 6.52:ID 4/2004  |h Superintendent of Documents classification 
998 f f |a EP 6.52:ID 4/2004  |t 0  |l Available Online